Samuels Finance Group plc v Beechmanor Limited (trading as Hurstwood Developments) and others (Record no. 12326)

MARC details
000 -LEADER
fixed length control field 00922cab a2200205 4500
001 - CONTROL NUMBER
control field X1665
008 - FIXED-LENGTH DATA ELEMENTS--GENERAL INFORMATION
fixed length control field 090401t1994 xxu||||| |||| 00| 0 eng d
035 ## - SYSTEM CONTROL NUMBER
System control number (Sirsi) u18535
041 ## - LANGUAGE CODE
Language code of text/sound track or separate title eng
245 ## - TITLE STATEMENT
Title Samuels Finance Group plc v Beechmanor Limited (trading as Hurstwood Developments) and others
260 ## - PUBLICATION, DISTRIBUTION, ETC.
Date of publication, distribution, etc. 1994
350 ## - PRICE (NR) (BK AM CF MU VM SE) [OBSOLETE]
Price 0
490 ## - SERIES STATEMENT
Series statement Property and Compensation Reports
Volume/sequential designation (1994) 67 PCR 282-287(6)
520 ## - SUMMARY, ETC.
Summary, etc. CA 20 May 1993. Land law - 1988 legal charge over properties as security for loan - under clause 12(2) variation not to affect sureities liability - 1989 re-financing arrangement - claim for possession of properties charged - whether sureties bound - whether 1989 agreement amounted to variation or novation - whether Statute of Frauds applied.
650 ## - SUBJECT ADDED ENTRY--TOPICAL TERM
Topical term or geographic name entry element LEGAL CHARGE
650 ## - SUBJECT ADDED ENTRY--TOPICAL TERM
Topical term or geographic name entry element STATUTE OF FRAUDS
690 ## - LOCAL SUBJECT ADDED ENTRY--TOPICAL TERM (OCLC, RLIN)
Topical term or geographic name as entry element PROPERTY LAW AND PRACTICE-CASE LAW
942 ## - ADDED ENTRY ELEMENTS (KOHA)
Suppress in OPAC 0
948 ## - LOCAL PROCESSING INFORMATION (OCLC); SERIES PART DESIGNATOR (RLIN)
c (OCLC) 04/03/1997
Holdings
Withdrawn status Lost status Source of classification or shelving scheme Damaged status Not for loan Home library Current library Shelving location Date acquired Total Checkouts Full call number Barcode Date last seen Copy number Price effective from Koha item type
    Dewey Decimal Classification     London London Journal article 14/09/1999   X1665 18535-1001 06/08/2019 1 06/08/2019 Law report